000 01322nam a22003617a 4500
003 CHAP
005 20220329141332.0
008 971013s1988 r 00010 d
010 _a66580
011 _a67552
035 _a77022
040 _cCHAP
090 _aTesis
100 0 0 _aVillalba Carreño, Gerardo Venancio.
_9119418
245 _aDescripción de los estados inmaduros de una nueva especie de tábano (Hexapoda: Diptera), colectada en Tepecoacuilco, Guerrero, Méx.
260 _aChapingo, Méx. :
_bEl autor,
_c1988
300 _a47 p.
500 _a28-195
502 _aTesis (Ing. Agr. Esp. en Parasitología Agrícola) -- UACH. Departamento de Parasitología Agrícola
590 _aALEPH
_b10
_c20130110
_lUCH01
_h1401
590 _aBATCH-UPD
_b10
_c20130110
_lUCH01
_h0452
590 _aBATCH-UPD
_b10
_c20130110
_lUCH01
_h2219
590 _aBATCH-UPD
_b10
_c20130410
_lUCH01
_h0129
590 _aBATCH-UPD
_b10
_c20130410
_lUCH01
_h1604
590 _aBATCH-UPD
_b10
_c20130914
_lUCH01
_h2047
590 _aCONVERSION
_b10
_c20130109
_lUCH01
_h1337
650 1 4 _aTábano.
_9113484
710 0 _aUACH. Departamento de Parasitología Agrícola.
_9115877
901 _aBK
942 _cFOLL
949 _bBC
_cTES
_d-29884
_eTS1
_h21155
_i77022
_si
949 _bBC
_cTES
_d33724000692521
_eTS2
_fc.2
_h21156
_i77022
_si
999 _c66580
_d66580